Statistics for States With Only One G

Click here to take the quiz!

General Stats

  • This quiz has been taken 32 times
  • The average score is 6 of 6

Answer Stats

States% Correct
Michigan
97%
Washington
97%
Wyoming
97%
West Virginia
93%
Oregon
90%
Virginia
90%

Score Distribution

Percentile by Number Answered

Percent of People with Each Score

Your Score History

You have not taken this quiz